000 00956 a2200181 4500
020 _a0139601627
040 _aLibrary of Congress
_bEnglish
100 1 _aMcGrath, Sean.
245 1 0 _aXML by example : building E-commerce applications
_bbuilding E-commerce applications /
_cSean McGrath.
260 _aUpper Saddle River, NJ :
_bPrentice Hall,
_c1998.
300 _a470 p. :
_bill. +
_e1 computer laser optical disk (4 3/4 in.)
440 4 _aThe Charles F. Goldfarb series on open information management.
500 _aIncludes index.
520 _aXML by Example: Building E-Commerce Applications demonstrates XML's powerful E-commerce capabilities by walking you through the construction of a real-world catalog application - start to finish. Along the way, you'll learn virtually every key technique for building XML-based E-commerce sites.
650 0 _aXML (Document markup language)
650 0 _aElectronic commerce.
942 _cBK
_k005.72 MCG
_2ddc
999 _c6402
_d6402